00982 a2200193 45000010006000000050017000060080041000230030015000640400040000790800077001192450054001960200018002502640032002683000018003005050278003180410008005961000057006048560127006613154920260407155619.0260407a1993 arg spa dAR-UNSa-BCEJYS aAR-UNSa-BCEJYSbspacAR-UNSa-BCEJYS a311.3xOrganización general de las estadisticas. Estadística oficial10aEncuesta permanente de hogarespGran Buenos Aires a950-896-184-8 1aBuenos Aires :bINDECc1993 a10 v.c25 cm. aVol. 1: Mayo y Octubre de 1993 -- Vol. 2: Mayo y Octubre de 1994 -- Vol. 3: Mayo y Octubre de 1995 -- Vol. 4: Octubre de 1997 -- Vol. 5: Mayo-Agosto-Octubre 1998 -- Vol. 6: Mayo 1999 -- Vol. 7: Mayo 2000 -- Vol. 8: Octubre 2000 -- Vol. 9: Mayo 2001 -- Vol. 10: Octubre 2001 aspa1 aInstituto Nacional de Estadística y Censos (INDEC)41uhttps://biblioeco.unsa.edu.ar/pmb/images/revistas/Encuesta permanente de hogares-D00073.jpgyImagen de portadaqimage/jpeg